000 00658nam a2200205 4500
001 148868
003 ES-MaACL
005 20230906202841.0
007 t|
008 070214s1974 sp r ||||1| spa d
100 1 _aSuchodolski, Bogdan.
_9108708
245 1 0 _aFundamentos de pedagogía socialista /
_cBogdan Suchodolski ; traducción de Melitón Bustamante Ortiz.
260 _aBarcelona :
_bLaia,
_c1974.
300 _a287 p. ;
_c18 cm.
490 1 _aCiencias humanas. Pedagogía
700 1 _aBustamante Ortiz, Melitón.
_932877
830 0 _aCiencias humanas. Pedagogía
_9221049
852 _aES-MaACL
_jE-6158
_bR.90371
999 _c148868
_d148868